UBT Library

Hole's essentials of human anatomy & physiology / (Record no. 39838)

000 -LEADER
fixed length control field 00978cam a2200253 i 4500
001 - CONTROL NUMBER
control field 17871588
005 - DATE AND TIME OF LATEST TRANSACTION
control field 20180109034847.0
008 - FIXED-LENGTH DATA ELEMENTS--GENERAL INFORMATION
fixed length control field 130830s2015 nyua 001 0 eng
010 ## - LIBRARY OF CONGRESS CONTROL NUMBER
LC control number 2013035627
020 ## - INTERNATIONAL STANDARD BOOK NUMBER
International Standard Book Number 9780073403724 (hbk. : alk. paper)
020 ## - INTERNATIONAL STANDARD BOOK NUMBER
International Standard Book Number 0073403725 (hbk. : alk. paper)
040 ## - CATALOGING SOURCE
Original cataloging agency DLC
Language of cataloging eng
Transcribing agency DLC
Description conventions rda
Modifying agency DLC
041 ## - LANGUAGE CODE
Language code of text/sound track or separate title eng
042 ## - AUTHENTICATION CODE
Authentication code pcc
080 ## - UNIVERSAL DECIMAL CLASSIFICATION NUMBER
Universal Decimal Classification number 612
082 00 - DEWEY DECIMAL CLASSIFICATION NUMBER
Classification number 612 SHI
Edition number 23
100 1# - Rafti
Rafti 6
101 ## - Shkurtesa
Shkurtesa ANA
245 10 - TITLE STATEMENT
Title Hole's essentials of human anatomy & physiology /
Statement of responsibility, etc David Shier, Washtenaw Community College ; Jackie Butler, Grayson College, Ricki Lewis, Albany Medical College.
246 3# - VARYING FORM OF TITLE
Title proper/short title Hole's essentials of human anatomy and physiology
906 ## - LOCAL DATA ELEMENT F, LDF (RLIN)
a 7
b cbc
c orignew
d 1
e ecip
f 20
g y-gencatlg
942 ## - ADDED ENTRY ELEMENTS (KOHA)
Source of classification or shelving scheme
Item type Books
Holdings
Withdrawn status Lost status Source of classification or shelving scheme Damaged status Not for loan Collection code Permanent location Current location Shelving location Date acquired Total Checkouts Full call number Barcode Date last seen Price effective from Koha item type
          Koleksioni i përgjithshem UBT - Lipjan UBT - Lipjan Koleksioni i përgjithshem 01/09/2018   612 SHI 002-2995228 01/09/2018 01/09/2018 Books
UBT Library © 2015-2024. All rights reserved University Education for Business and Technology